French Vocabulary Week 1 - Statistics

General Stats
  • This quiz has been taken 63 times
  • The average score is 5 of 16
Answer Stats
English French % Correct
ambitious (f) ambitieuse
60%
Desk, office le bureau
57%
ambitious (m) ambitieux
53%
Lawyer (m) un avocat
50%
Lawyer (f) une avocate
47%
secretary (m) le secrétaire
40%
secretary (f) la secrétaire
37%
postman (m) le facteur
23%
quite assez
20%
postwoman (f) la factrice
20%
careful prudent
20%
hard-working (f) travailleuse
20%
job l'emploi
17%
hard-working (m) travailleur
17%
headteacher (m) le directeur
10%
headteacher (f) la directrice
7%
No matching quizzes found
Score Distribution
Percent of People with Each Score
Percentile by Number Answered
Your Score History
You have not taken this quiz